000 00873cam a2200241 a 4500
001 1542234
005 20231121232439.0
008 910408s1992 enk b 001 0 eng
020 _a0415071313
020 _a0415071321 (pbk.)
040 _aDLC
_cDLC
_dDLC
082 0 0 _a305.42/09172/4
_220
245 0 0 _aGender and development :
_ba practical guide /
_cedited by Lise Østergaard ; based on a study prepared for the Directorate-General for Development Commission of the European Communities.
260 _aLondon ;
_aNew York :
_bRoutledge,
_c1992.
300 _axiv, 220 p. ;
500 _aSimultaneously published in the USA and Canada.
650 0 _aWomen in development
650 0 _aSex role
650 0 _aEconomic development projects
700 1 _aØstergaard, Lise.
_eedt
856 4 2 _uhttp://www.loc.gov/catdir/enhancements/fy0648/91016824-d.html
942 _cL
999 _c48
_d48